000 00951cam a2200313 i 4500
001 STB036315
003 PILC
005 20150302103343.0
008 120717s2012 maua 000 0 eng
010 _a2012405609
020 _a9780132525763 (hbk.)
040 _aDLC
_beng
_erda
_cDLC
_dDLC
042 _apcc
050 0 0 _aQD 31.3
_b.W641 2012
100 _aWilbraham, Anthony C.
245 0 0 _aPearson chemistry /
_cAntony C. Wilbraham [and three others].
260 _aBoston, Massachusetts :
_bPearson,
_cc2012.
300 _a1 volume (various pagings) pages :
_billustrations ;
_c29 cm.
500 _a"Indiana."
500 _aIncludes index.
521 _aGeneral Education
650 0 _aChemistry
_vTextbooks.
700 1 _aWilbraham, Antony C.,
_eauthor.
700 1 _aStaley, Dennis D.,
_eauthor.
700 1 _aMatta, Michael S.,
_eauthor.
700 1 _aWaterman, Edward L.,
_eauthor.
740 _aChemistry.
942 _2lcc
_cBK
999 _c283676
_d283676